000 00849nam a2200277 i 4500
001 000030312
003 DO-SdBNP
005 20250217105317.0
007 ta
008 110509s1977 dr 000 0 spa d
040 _aDO-SdBNP
_bspa
_cBNPHU
_erda
041 _hspa
082 _axxx
_bA414B
_222
245 1 0 _aJuan Antonio Alix /
_cJoaquín Balaguer.
264 _aSantiago, República Dominicana :
_bBiblioteca Popular Dominicana,
_c1977.
300 _avolumen ;
_c15 cm.
336 _ardacontent
_btexto
_2txt
337 _ardamedia
_bsin mediación
_2n
338 _ardacarrier
_bvolumen
_2nc
500 _aIncluye notas al pie de las páginas
500 _aLa biblioteca posee el vol. 1
590 _aLa biblioteca posee 2 ejemplares autografíados por el autor
590 _aInventariado, 2025/DG
910 _aDG
942 _2ddc
_cLBS1
999 _c29804
_d29804